Film de Leonardo DiCaprio - Mort subite - Statistiques

Statistiques générales
  • Ce quiz a été pris 4 065 fois
  • Le résultat moyen est 10 sur 20
Answers on the Grid
Answers color-coded by a green-red scale on the quiz's grid according to % correct below.
Killers of the Flower Moon
The Revenant
Gatsby le Magnifique
Le Loup de Wall Street
Arrête moi si tu peux
Roméo + Juliette
Ocean's Eleven
Once Upon a Time in Hollywood
Django Unchained
J.Edgar
Inception
Shutter Island
Alice au pays des merveilles
Mensonges d'Etat
Blood Diamond
Les Infiltrés
Fight Club
Gangs of New York
La Plage
Titanic
Interstellar
Will Hunting
Basketball Diaries
Snatch : Tu braques ou tu raques
Blessures Secrètes
Fleur de Poison
Il était une fois en Amérique
Le Parrain
American Psycho
Shining
Pour le pire et pour le meilleur
Les Affranchis
Oppenheimer
Les Évadés
Edward aux mains d'argent
 
Statistiques - réponses
Réponse % Correct
Titanic
82%
Le Loup de Wall Street
78%
Shutter Island
73%
Inception
71%
Arrête moi si tu peux
68%
Roméo + Juliette
68%
The Revenant
68%
Gatsby le Magnifique
67%
Once Upon a Time in Hollywood
67%
Django Unchained
64%
Killers of the Flower Moon
53%
Gangs of New York
43%
La Plage
43%
Les Infiltrés
43%
Blood Diamond
40%
Basketball Diaries
31%
J.Edgar
30%
Mensonges d'Etat
24%
Blessures Secrètes
20%
Fleur de Poison
16%
Aucun quiz correspondant
Distribution des résultats
% des personnes avec chaque résultat
Percentile par nombre de réponses
Votre historique - résultats
Vous n’avez pas pris ce quiz